Judith, la viuda hebrea : (Registro nro. 34625)
[ vista simple ]
| 000 -CABECERA | |
|---|---|
| campo de control de longitud fija | 00886nam a2200205 a 4500 |
| 001 - NÚMERO DE CONTROL | |
| campo de control | 000035134 |
| 005 - FECHA Y HORA DE LA ÚLTIMA TRANSACCIÓN | |
| campo de control | 20200930074127.0 |
| 008 - DATOS DE LONGITUD FIJA--INFORMACIÓN GENERAL | |
| campo de control de longitud fija | 111025s1917 sp 000 0 spa d |
| 040 ## - FUENTE DE LA CATALOGACIÓN | |
| Centro catalogador/agencia de origen | DO-SdBNP |
| Lengua de catalogación | spa |
| Centro/agencia transcriptor | BNPHU |
| 100 1# - ENTRADA PRINCIPAL--NOMBRE DE PERSONA | |
| Nombre de persona | Jover, Gonzalo |
| 9 (RLIN) | 60834 |
| 240 10 - TÍTULO UNIFORME | |
| Título uniforme | Judith, la viuda hebrea. |
| Subencabezamiento de forma | Libreto |
| 245 10 - MENCIÓN DE TÍTULO | |
| Título | Judith, la viuda hebrea : |
| Resto del título | opereta bufo-trágica en un acto y cinco cuadros / |
| Mención de responsabilidad, etc. | / coriginal de Gonzalo Jover y Juan Eugenio Morant ; música del maestro José Padilla. |
| 260 ## - PUBLICACIÓN, DISTRIBUCIÓN, ETC. | |
| Lugar de publicación, distribución, etc. | Madrid : |
| Nombre del editor, distribuidor, etc. | Sociedad de Autores Españoles, |
| Fecha de publicación, distribución, etc. | 1917. |
| 300 ## - DESCRIPCIÓN FÍSICA | |
| Extensión | 40 p. ; |
| Dimensiones | 21 cm. |
| 500 ## - NOTA GENERAL | |
| Nota general | aIncluye relación de obras de los libretistas |
| 500 ## - NOTA GENERAL | |
| Nota general | Estrenada con gran éxito en el Teatro Victoria de Barcelona, la noche del 21 de Septiembre de 1917 |
| 700 1# - PUNTO DE ACCESO ADICIONAL--NOMBRE DE PERSONA | |
| Nombre de persona | Morant, Juan Eugenio |
| 9 (RLIN) | 60835 |
| 700 1# - PUNTO DE ACCESO ADICIONAL--NOMBRE DE PERSONA | |
| Nombre de persona | Padilla, José |
| Término indicativo de función/relación | mús. |
| 9 (RLIN) | 60836 |
| 710 2# - PUNTO DE ACCESO ADICIONAL--NOMBRE DE ENTIDAD CORPORATIVA | |
| Nombre de entidad corporativa o nombre de jurisdicción como elemento de entrada | Sociedad de Autores Españoles |
| 9 (RLIN) | 60837 |
| Estado de retiro | Estado de pérdida | Restricciones de uso | No para préstamo | Código de colección | Localización permanente | Ubicación/localización actual | Ubicación en estantería | Fecha de adquisición | Número de inventario | Total de préstamos | Signatura topográfica completa | Código de barras | Fecha visto por última vez | Precio válido a partir de | Tipo de ítem Koha |
|---|---|---|---|---|---|---|---|---|---|---|---|---|---|---|---|
| Excluido de préstamo | Monografías: Libros y Folletos | General | General | Depósito | 25.10.2011 | LF1 | 35134-10 | 25.06.2020 | 25.06.2020 | No se presta |
